000 01687nam a2200373 i 4500
001 000017729
003 DO-SdBNP
005 20240607151953.0
006 a||||gr|||| 00| 0
007 ta
008 100331e1994 dr 001 ebspa d
040 _aDO-SdBNP
_bspa
_cBNPHU
_erda
082 4 _a923.27293
_bD812m
_222
100 1 _aMiniño Marion-Landais, Manuel Marino,
_d1930-
_938577
_eautor
245 1 3 _aEl pensamiento de Duarte en su contexto histórico e ideológico /
_cManuel Marino Miniño Marion-Landais ; presentación, José Chez Checo.
264 _aSanto Domingo :
_bTaller,
_c1994.
300 _a102 páginas ;
_c23 cm.
336 _2rdacontent
_atexto
_btxt
337 _2rdamedia
_asin mediación
_bn
338 _2rdacarrier
_avolumen
_bnc
490 0 _aSesquicentenario de la Independencia Nacional;
_v6
500 _aIncluye datos biográficos del autor en la solapa de la cubierta.
504 _aIncluye bibliografía y notas al pie de páginas.
504 _aBibliografía : páginas 101-102.
505 0 _gPresentación /
_rJosé Chez Checo --
_gIntroducción --
_tEl pensamiento teológico --
_tEl pensamiento político --
_tEl pensamiento filosófico y ético --
_tEl pensamiento estético --
_tApéndices --
_gBibliografía.
590 _aInventariado 2024 / MF
600 1 0 _aDuarte, Juan Pablo,
_d1813-1876
_91494
600 1 0 _aDuarte, Juan Pablo,
_d1813-1876
_91494
651 0 _aRepública Dominicana --
_xHistoria --
_y1844-1930
_91009
651 4 _aRepública Dominicana
_xHistoria
_yOCUPACIÓN HAITIANA, 1822-1844
_97666
700 1 _aChez Checo, José,
_d1949-
_epresentación
_910145
910 _aValidado. Control de calidad EMS
942 _2ddc
_cLBS1
999 _c17254
_d17254